Shadow and Bone Episodes - Statistics

General Stats
  • This quiz has been taken 8 times
  • The average score is 7 of 16
Answer Stats
Hint Answer % Correct
S02E08 No Funerals
71%
S01E08 No Mourners
71%
S01E01 A Searing Burst of Light
57%
S02E03 Like Calls to Like
57%
S01E02 We're All Someone's Monster
57%
S02E06 Ni Weh Sesh (I Have No Heart)
43%
S01E04 Otkazat'sya
43%
S01E07 The Unsea
43%
S02E05 Yuyeh Sesh (Despise Your Heart)
43%
S02E04 Every Monstrous Thing
29%
S02E07 Meet You in the Meadow
29%
S02E01 No Shelter But Me
29%
S01E05 Show Me Who You Are
29%
S01E06 The Heart Is an Arrow
29%
S01E03 The Making at the Heart of the World
29%
S02E02 Rusalye
14%
No matching quizzes found
Score Distribution
Percent of People with Each Score
Percentile by Number Answered
Your Score History
You have not taken this quiz